MDQL
is popping MORE tags! Check the
thread
!
Quizzes
Events
Quiz Creation
Community
Videos
Private Events
Remove Ads
Sign In
Join for FREE
Feedback
Dark Mode
Quiz Categories
Sports
Geography
Music
Movies
Television
Just For Fun
Miscellaneous
History
Literature
Language
Science
Gaming
Entertainment
Religion
Holiday
For Kids
Quiz Lab
Recent
Popular Today
Quiz Kudos Today
Editor Picks
Curator Picks
Quizzes by...
Day
Popularity
Type
Ratings
Length
Year
Community
Subscriptions
Recent Discussions
Orange Saloon
Badges
Playlists
Quests
Create
Leaderboards
Showdown
Live 5
Trivia Bingo
Activity
Puzzle Library
Sporcle Events
Private Events
Virtual Trivia
Globe League
Become a Host
Pub Owners
SporcleCon
Opinionation
Our Games
Videos
Blog
Mobile Apps
Partnerships
Remove Ads and Go Orange
Feedback
Music
Pop Music
The Beatles
Song
Album
Lyrics
Bands
Singers
Artist
Clip
Rock
Rap
Classical
Billboard
Country Music
Kpop
Taylor Swift
Music
Pop Music
The Beatles
Song
Album
Lyrics
Bands
Singers
Artist
Clip
Rock
Rap
Classical
Billboard
Country Music
Kpop
Taylor Swift
Random Quiz
Search Sporcle
×
Quiz Lab
Quiz Lab
Music
Clip
Type in answers that appear in a list
Type in answers that appear in a list
Classic
Best Score? Go Orange.
Rock in the Nineties (music clips) Stats
Can you name the rock songs from the nineties?
By
Mad_Hatter
10m
40 Questions
2,652 Plays
2,652 Plays
2,652 Plays
Comments
Comments
Give Quiz Kudos
Give Quiz Kudos
-
- Ratings
hide this ad
Replay
Link that replays current quiz
Next Quiz
Link to next quiz in quiz playlist
You Got
0%
They Got
Avg Score
38%
Avg Friend Score
Upgrade to see
Score Distribution
Jump to the score distribution portion of the page
Score
0/40
Timer
10:00
0
Plays Today
Time Interval
Song
% Correct
00:30 -
00:39
Buddy Holly
83.9%
02:17 -
02:26
Bitter Sweet Symphony
79.4%
01:29 -
01:38
Zombie
75.9%
00:20 -
00:29
Thunderstruck
75%
04:07 -
04:16
Song 2
72.4%
04:47 -
04:56
All the Small Things
69%
05:17 -
05:25
Champagne Supernova
66.1%
05:46 -
05:55
Monkey Wrench
59.8%
01:39 -
01:48
Suck My Kiss
57.7%
01:00 -
01:09
In Bloom
57.5%
05:07 -
05:16
1979
57.2%
03:36 -
03:45
No Rain
57%
04:57 -
05:06
Bulls on Parade
51.1%
02:56 -
03:05
Hurt
50.6%
02:36 -
02:45
Cryin'
49.9%
03:16 -
03:25
She
47.7%
05:36 -
05:45
Man in the Box
46.5%
03:56 -
04:06
Plush
45.1%
00:01 -
00:09
Ordinary World
44.4%
03:26 -
03:35
Been Caught Stealing
41%
Time Interval
Song
% Correct
02:27 -
02:35
The Kids Aren't Alright
40.6%
01:49 -
01:57
She Talks to Angels
33.6%
03:06 -
03:15
Civil War
32.5%
03:46 -
03:55
Blaze of Glory
31.5%
01:10 -
01:19
Time Bomb
27.3%
00:40 -
00:49
Roam
27.2%
04:27 -
04:36
Cumbersome
26.1%
06:06 -
06:15
Fake Plastic Trees
24.9%
06:26 -
06:36
Outshined
23%
05:26 -
05:35
Wynona's Big Brown Beaver
15.2%
04:37 -
04:46
Rearviewmirror
13.4%
01:58 -
02:07
American Jesus
8.7%
02:46 -
02:55
Freak
8.2%
02:08 -
02:16
Cut Your Hair
8%
04:17 -
04:26
Bad Luck
5.9%
00:50 -
00:59
Only Shallow
5.9%
00:10 -
00:19
F*!#in' Up
5.7%
01:20 -
01:28
Awful
5.1%
06:16 -
06:25
Pain Lies on the Riverside
4.8%
05:56 -
06:05
Race for the Prize
3.4%
Quiz Playlist
Details
Report
Send in Message
Add To Playlist
Classic:
Type in answers that appear in a list
Last Updated: Oct 1, 2022
Quiz Scoreboard
CHALLENGE
Sign Up to Join the Scoreboard
Show All
Scores
Hide
Comments
May contain spoilers
Recently Published
Street Fighter Characters
by Artimus82
Gaming
60s
9x9 Crossword: Cartoon Network
by jackfrog10
Miscellaneous
3m
College Basketball Coaching Resumes
by pancakes188
Sports
9m
More to Explore
Quiz From the Vault
Featured Blog Post
Where Did the Easter Bunny Come From?
hide this ad
You Might Also Like...
Tags
Clip Quiz
Rock Quiz
Song Quiz
1990s
Audio Quiz
Today's Top Quizzes in Music
Browse Music
hide this ad
Today's Top Quizzes in Clip
Browse Clip
Top Contributed Quizzes in Music
1
Taylor Swift All Songs (2024)
2
Taylor Swift Logic Puzzle
3
Guess the Artist- 70s Songs
4
7-to-1: Billboard Hot 100 #1 Hits of 2010s
5
Sorting Albums and Songs
6
KPOP LOGIC QUIZ
7
Guess the Taylor Swift song (Mystery Song)
8
Guess The Taylor Swift Lyrics Song #1
9
Billboard Blitz: ABBA
10
Billboard Blitz: The Beatles
Explore More
Trending Topics
Crossword
Kpop
Anime
NBA
Harry Potter
Marvel
Disney
WWE
Song
NFL
Soccer
Pokémon
The Office
Country
Puzzle
hide this ad
More By:
Mad_Hatter
Quiz
Plays
Rating
Category
Featured
Created
Band by Live Album
26,349
3.95
Music
Mar 8, 2010
Classic Rock
1,208
4.47
Music
Dec 16, 2009
Rock in the Eighties (music clips)
832
4.54
Music
Jan 13, 2011
Comics characters
215
4.25
Entertainment
Apr 22, 2011
Super Nintendo games A to Z
158
4.00
Gaming
May 13, 2016
Go to Creator's Profile
Score Distribution
Quiz Creator Spotlight
Mad_Hatter
Follow
Send a Message
Quizzes Created
-
Created Quiz Play Count
-
More By This Creator
Popular Quizzes Today
1
Find the US States - No Outlines Minefield
2
Find the Countries of Europe - No Outlines Minefield
3
The Countries of the World
4
Find the US States
5
Risky Map Clicking: Biggest States A-Z
6
US States
7
Popular People in 1961
8
Movies - When Are They Set?
More Music Quizzes
Taylor Swift Songs
Quiz Lab
Trending Quizzes
Risky Map Clicking: Least Populous States A-Z
Countries of the World: 200 Million BC
Billboard Blitz: Aretha Franklin
1-10 Letter G Words
Famous Russians: Author or Composer?
Recently Updated
Leaping Animals
pecheneg
Reality TV Shows (A-Z)
bhenderson79
Rickey Henderson's Hall of Fame Teammates
pecheneg
Champions League XIs: Arsenal
pecheneg
Quick Pick: Celebrities in WWE's Hall of Fame
aduchscher
A-Z Keypad Blitz II
pecheneg
Multiple Oscar Actors
pecheneg
Mystery Phrase Blitz: Oscar 'Best Actors'
pecheneg
F. Scott Fitzgerald Novels
LTH
Pick 3 Villains
ddd62291
Trending Topics
Kpop
Marvel
Anime
NBA
Harry Potter
Crossword
Disney
Song
The Office
WWE
Puzzle
Soccer
Country
Pokémon
NFL
Your Account Isn't Verified!
In order to create a playlist on Sporcle, you need to verify the email address you used during registration. Go to your
Sporcle Settings
to finish the process.
Report this User
Report this user for behavior that violates our
Community Guidelines
.
Details:
Send Report
Go to the Sporcle.com Mobile Site →
Comments